| 000 | 00512nam a2200169Ia 4500 | ||
|---|---|---|---|
| 999 |
_c26914 _d26914 |
||
| 003 | OSt | ||
| 005 | 20211029095547.0 | ||
| 008 | 190216s9999||||xx |||||||||||||| ||und|| | ||
| 040 | _coclc | ||
| 082 |
_a894.8121 _bAYY/A |
||
| 100 |
_aAyyappapaniker, K _97323 |
||
| 245 | 0 |
_aAyyappappanikarute Vivarthanangal / _cK Ayyappapaniker |
|
| 260 |
_bPoorna Publication, _c1990. _aKozhikode: |
||
| 300 | _a251p | ||
| 650 | _aMalayalam Kavitha | ||
| 942 |
_cBK _2ddc _h894.8121 _iAYY/A _k894.8121 _mAYY/A |
||